|
|
|
|
| LEADER |
00684naa a2200205 i 4500 |
| 001 |
publ36090 |
| 005 |
20250224085941.0 |
| 008 |
250224s2016 hu o 000 eng d |
| 020 |
|
|
|a 9781138101395
|
| 024 |
7 |
|
|a 3036971
|2 mtmt
|
| 040 |
|
|
|a SZTE Publicatio Repozitórium
|b hun
|
| 041 |
|
|
|a eng
|
| 100 |
1 |
|
|a Pelle Anita
|
| 245 |
1 |
4 |
|a The Freiburg scholars and interwar Germany
|h [elektronikus dokumentum] /
|c Pelle Anita
|
| 260 |
|
|
|a Routledge
|b New York, Abingdon
|c 2016
|
| 300 |
|
|
|a 21
|
| 300 |
|
|
|a 100-120
|
| 490 |
0 |
|
|a Economic Thought and History
|
| 650 |
|
4 |
|a Közgazdasági és gazdálkodástudományok
|
| 856 |
4 |
0 |
|u http://publicatio.bibl.u-szeged.hu/36090/6/3036971.pdf
|z Dokumentum-elérés
|